000 00522nam a2200205Ia 4500
005 20240322122016.0
008 131103s9999 xx 000 0 und d
020 _cRs.10
040 _aLoreto College
041 _aEnglish
082 _a155.4
_bDIN
100 _aDinkmeyer, Don C
245 _aChild Development
_b The Emerging Self
_cDon C Dinkmeyer
260 _aNew Delhi
_bPrentice - Hall
_c1967
300 _aix,,434p.
504 _aIncludes index
650 _aPsychology
850 _aLCBED
942 _cBK
999 _c26806
_d77285